| 000 | 00332nam a2200133Ia 4500 | ||
|---|---|---|---|
| 008 | 231129s1994||||xx |||||||||||||| ||spa|| | ||
| 040 | _bspa | ||
| 082 | _a658.4013 E74g | ||
| 100 | _aEsqueda Paul | ||
| 245 | 0 | _aGestion de calidad en centros de investigacion y desarrollo | |
| 260 | _c1994 | ||
| 264 | _aSecab | ||
| 942 |
_2ddc _cBKS |
||
| 999 |
_c14485 _d14485 |
||